[Event "1. liga - V 17/18, Hostalkova-Opava"]
[Site ""]
[Date "2017.11.26"]
[Round "3.5"]
[White "Krejca, Jakub"]
[Black "Premus, Jan"]
[Result "1-0"]
[WhiteElo "2079"]
[BlackElo "2088"]
[PlyCount "0"]
[WhiteTeam "Sachy Hostalkova"]
[BlackTeam "KVS Ekodivize Opava"]
[EventDate "2017.10.22"]

1. e4 c5 2. Nf3 d6 3. d4 cxd4 4. Nxd4 Nf6 5. Nc3 g6 6. Be3 Bg7 7. f3 O-O 8. Qd2
Nc6 9. O-O-O Nxd4 10. Bxd4 Be6 11. Kb1 Qc7 12. g4 Rfc8 13. h4 Qa5 14. a3 Rab8
15. h5 b5 16. hxg6 fxg6 17. Bxf6 Bxf6 18. Nd5 Qxd2 19. Nxf6+ exf6 20. Rxd2 Rd8
21. Be2 Rd7 22. Rhd1 Rb6 23. f4 Kg7 24. Rd4 Kf8 25. Kc1 a6 26. Kd2 Rc6 27. c3
Bb3 28. Rh1 d5 29. Bd1 Bxd1 30. Rxd1 Rc4 31. Ke3 Re7 32. Rxc4 dxc4 33. Rd6 Kg7
34. Rxa6 Rb7 35. e5 fxe5 36. fxe5 h5 37. gxh5 gxh5 38. Rd6 h4 39. Rd4 Re7 40.
Rxh4 Rxe5+ 41. Re4 Rh5 42. a4 Kf6 43. Kd2 Rc5 44. axb5 Rxb5 45. Kc2 Rc5 46. b3
cxb3+ 47. Kxb3 Re5 48. Rxe5 Kxe5 49. Kb4 Kd6 50. Kb5 Kc7 51. Kc5 Kd7 52. Kb6
Kd6 53. c4 Kd7 54. c5 Kc8 55. Kc6 1-0

[Event "1. liga - V 17/18, Hostalkova-Opava"]
[Site ""]
[Date "2017.11.26"]
[Round "3.6"]
[White "Rambousek, Jan"]
[Black "Bednarik, Josef"]
[Result "0-1"]
[WhiteElo "2001"]
[BlackElo "2118"]
[PlyCount "0"]
[WhiteTeam "KVS Ekodivize Opava"]
[BlackTeam "Sachy Hostalkova"]
[EventDate "2017.10.22"]

1. e4 c5 2. Nf3 Nc6 3. d4 cxd4 4. Nxd4 Nf6 5. Nc3 e5 6. Ndb5 d6 7. Bg5 a6 8.
Na3 b5 9. Nd5 Be7 10. Bxf6 Bxf6 11. c3 O-O 12. Nc2 Be7 13. Bd3 Be6 14. Nce3 Bg5
15. h4 Bxe3 16. Nxe3 b4 17. Bc4 bxc3 18. bxc3 Qa5 19. Bxe6 Qxc3+ 20. Kf1 fxe6
21. Rh3 Nd4 22. Ng4 Qc4+ 23. Kg1 Rac8 24. h5 Ne2+ 25. Kh1 Qxe4 26. Re3 Qxg4 27.
Qxe2 Qxe2 28. Rxe2 Rf5 29. g4 Rf4 30. Rd1 Rc6 31. Rg1 h6 32. Kh2 Kf7 33. Rg3
Kf6 34. Kh3 e4 35. Rge3 d5 36. Kg3 Kg5 37. f3 Rxf3+ 38. Rxf3 exf3 39. Kxf3 Kf6
0-1

[Event "1. liga - V 17/18, Hostalkova-Opava"]
[Site ""]
[Date "2017.11.26"]
[Round "3.7"]
[White "Malcanek, Jan"]
[Black "Pavelek, Karel"]
[Result "1-0"]
[WhiteElo "2122"]
[BlackElo "2138"]
[PlyCount "0"]
[WhiteTeam "Sachy Hostalkova"]
[BlackTeam "KVS Ekodivize Opava"]
[EventDate "2017.10.22"]

1. e4 e5 2. Nc3 Nf6 3. g3 d5 4. exd5 Nxd5 5. Nge2 Bg4 6. Bg2 Nxc3 7. bxc3 c6 8.
Rb1 Bc5 9. Rxb7 Bb6 10. Ba3 Bd7 11. d4 Qc8 12. Rxd7 Qxd7 13. O-O Na6 14. Qd3
Nc7 15. Qc4 Nd5 16. dxe5 f6 17. Nf4 Rc8 18. exf6 Nxf4 19. fxg7 Qxg7 20. Bxc6+
Kd8 21. Rd1+ 1-0

[Event "1. liga - V 17/18, Hostalkova-Opava"]
[Site ""]
[Date "2017.11.26"]
[Round "3.8"]
[White "Vicha, Martin"]
[Black "Senkyr, Martin"]
[Result "1/2-1/2"]
[WhiteElo "1966"]
[BlackElo "2123"]
[PlyCount "0"]
[WhiteTeam "KVS Ekodivize Opava"]
[BlackTeam "Sachy Hostalkova"]
[EventDate "2017.10.22"]

1. e4 c5 2. c4 e6 3. Nc3 a6 4. g3 b6 5. Bg2 Bb7 6. Nge2 Qc7 7. b3 h5 8. h3 Be7
9. d3 d6 10. Bb2 Bf6 11. Qd2 Nc6 12. O-O-O Nge7 13. f4 O-O-O 14. Kb1 Nd4 15.
Rdf1 Nec6 16. Nxd4 cxd4 17. Ne2 e5 18. f5 1/2-1/2

[Event "1. liga - V 17/18, CT-Trinec"]
[Site ""]
[Date "2017.11.26"]
[Round "3.1"]
[White "Langner, Ladislav"]
[Black "Petrik, Tomas"]
[Result "0-1"]
[WhiteElo "2396"]
[BlackElo "2473"]
[PlyCount "0"]
[WhiteTeam "Slavoj Cesky Tesin"]
[BlackTeam "TZ Trinec"]
[EventDate "2017.10.22"]

1. e4 e6 2. d4 d5 3. e5 c5 4. c3 Qb6 5. Nf3 Nc6 6. a3 c4 7. Nbd2 Na5 8. Be2 Bd7
9. Nf1 O-O-O 10. Ne3 f6 11. O-O Be8 12. exf6 gxf6 13. Nh4 Ne7 14. f4 Ng6 15.
Nxg6 hxg6 16. Ng4 Bg7 17. Rb1 Kb8 18. Be3 Ka8 19. Qc2 Bf7 20. Bd1 Rdg8 21. Qf2
Be8 22. Bc2 Bd7 23. h3 Qd8 24. Rbe1 Bf8 25. Re2 Bd6 26. Qe1 Bc7 27. Bc1 Nb3 28.
Be3 Rg7 29. Nh2 Na5 30. Nf3 Nc6 31. Ba4 Bc8 32. Bd2 Ne7 33. Rxe6 Bxe6 34. Qxe6
Nf5 35. Qe1 Nd6 36. Bc2 Ne4 37. b3 cxb3 38. Bxb3 Re7 39. Qb1 Nxd2 40. Nxd2 Re2
41. Qd3 Rhe8 42. Rf3 f5 43. Nf1 Rb2 44. Qb5 Ree2 45. g3 Qe7 46. Qxd5 Rg2+ 47.
Kh1 Qe2 48. Re3 Qxf1# 0-1

[Event "1. liga - V 17/18, CT-Trinec"]
[Site ""]
[Date "2017.11.26"]
[Round "3.2"]
[White "Stohl, Igor"]
[Black "Mroziak, Maciej"]
[Result "1/2-1/2"]
[WhiteElo "2504"]
[BlackElo "2399"]
[PlyCount "0"]
[WhiteTeam "TZ Trinec"]
[BlackTeam "Slavoj Cesky Tesin"]
[EventDate "2017.10.22"]

1. d4 Nf6 2. Nf3 g6 3. g3 Bg7 4. c4 O-O 5. Bg2 d6 6. O-O Nc6 7. d5 Na5 8. Nbd2
c5 9. Ne1 e6 10. Rb1 Re8 11. e4 exd5 12. cxd5 b6 13. Nc2 Ba6 14. Re1 Bd3 15.
Re3 c4 16. b4 Nb7 17. Bb2 Rc8 18. Bf1 Bxf1 19. Qxf1 c3 20. Rxc3 Nxd5 21. Rxc8
1/2-1/2

[Event "1. liga - V 17/18, CT-Trinec"]
[Site ""]
[Date "2017.11.26"]
[Round "3.3"]
[White "Wiewiora, Eneasz"]
[Black "Nedela, Vlastimil"]
[Result "1-0"]
[WhiteElo "2309"]
[BlackElo "2334"]
[PlyCount "0"]
[WhiteTeam "Slavoj Cesky Tesin"]
[BlackTeam "TZ Trinec"]
[EventDate "2017.10.22"]

1. e4 Nf6 2. e5 Nd5 3. c4 Nb6 4. d4 d6 5. exd6 exd6 6. Nc3 Be7 7. Bd3 Nc6 8.
Nge2 Bg4 9. Be3 Qd7 10. b3 d5 11. c5 Nc8 12. O-O Nb4 13. Bb1 c6 14. a3 Na6 15.
Bd3 Bf6 16. Qc2 Ne7 17. Nf4 h5 18. Qd2 Nc7 19. b4 h4 20. Rfe1 g5 21. Nfe2 Ne6
22. h3 Bf5 23. f3 Kf8 24. Bf2 Re8 25. Nd1 Bg6 26. Bxg6 Nxg6 27. Ne3 Bd8 28. Ng4
f5 29. Ne5 Nxe5 30. dxe5 Qf7 31. b5 Rg8 32. bxc6 bxc6 33. Nd4 Nxd4 34. Bxd4 Qe6
35. Rab1 g4 36. fxg4 fxg4 37. Rf1+ Kg7 38. Rb7+ Kh8 39. Rf6 Rg6 40. Rxe6 Rexe6
41. Rb8 Re8 42. e6+ 1-0

[Event "1. liga - V 17/18, CT-Trinec"]
[Site ""]
[Date "2017.11.26"]
[Round "3.4"]
[White "Walek, Milan"]
[Black "Miturova, Magdalena"]
[Result "1/2-1/2"]
[WhiteElo "2290"]
[BlackElo "2220"]
[PlyCount "0"]
[WhiteTeam "TZ Trinec"]
[BlackTeam "Slavoj Cesky Tesin"]
[EventDate "2017.10.22"]

1. e4 e5 2. Bc4 Nf6 3. d3 c6 4. Nf3 Be7 5. Bb3 d6 6. O-O Nbd7 7. c3 Nf8 8. Nbd2
Ng6 9. Re1 O-O 10. Nf1 Nd7 11. d4 Bf6 12. Ng3 exd4 13. cxd4 Nb6 14. Be3 Re8 15.
a4 Be6 16. Nd2 d5 17. a5 Nd7 18. exd5 Bxd5 19. Bxd5 cxd5 20. Qb3 b6 21. Nf3
Ndf8 22. Nh5 Be7 23. axb6 axb6 24. Nf4 Nxf4 25. Bxf4 Rxa1 26. Rxa1 Bd6 27. Bg3
Bxg3 28. hxg3 Qd6 29. Qb5 Rc8 30. g4 Ne6 31. g3 h6 32. Kg2 Ng5 33. Nxg5 hxg5
34. Re1 Qc6 35. Qxc6 Rxc6 36. Re8+ Kh7 37. Rd8 Rc2 38. b3 Rb2 39. Rxd5 Rxb3 40.
Rxg5 b5 41. Rf5 Kg6 42. Rc5 Rd3 43. Rxb5 Rxd4 44. f4 Rd7 45. Rb1 Kh7 46. Kh3 g6
47. g5 Rd5 48. Rb7 Kg7 49. Rc7 Rb5 50. Rd7 Ra5 51. Rd3 Rb5 52. Kg2 Ra5 53. Kf3
Rb5 54. g4 Ra5 55. Ke4 Ra4+ 56. Rd4 Ra1 57. f5 gxf5+ 58. gxf5 Rg1 59. Kf4 Rf1+
60. Ke5 Rg1 61. Kf4 1/2-1/2

[Event "1. liga - V 17/18, CT-Trinec"]
[Site ""]
[Date "2017.11.26"]
[Round "3.5"]
[White "Kawulok, Marek"]
[Black "Fargac, Martin"]
[Result "0-1"]
[WhiteElo "2161"]
[BlackElo "2236"]
[PlyCount "0"]
[WhiteTeam "Slavoj Cesky Tesin"]
[BlackTeam "TZ Trinec"]
[EventDate "2017.10.22"]

1. e4 e5 2. Nf3 Nc6 3. Bc4 Bc5 4. O-O Nf6 5. d3 d6 6. c3 Bb6 7. Nbd2 O-O 8. Bb3
Ne7 9. Nc4 c6 10. Nxb6 axb6 11. d4 Nxe4 12. Re1 d5 13. Nxe5 Ng6 14. Nxg6 hxg6
15. f3 Nd6 16. Bf4 g5 17. Bxd6 Qxd6 18. Bc2 Bd7 19. Qd3 g6 20. Re5 Bf5 21. Qd2
Bxc2 22. Qxc2 Rfe8 23. Rxg5 Qf4 24. Rg4 Qe3+ 25. Qf2 Rxa2 26. Rb1 Rxb2 27. Rxb2
Qc1+ 28. Qf1 Qxb2 29. h4 Qd2 30. Kh2 Re1 0-1

[Event "1. liga - V 17/18, CT-Trinec"]
[Site ""]
[Date "2017.11.26"]
[Round "3.6"]
[White "Sikora, Jan"]
[Black "Gibiec, Ernest"]
[Result "1/2-1/2"]
[WhiteElo "2226"]
[BlackElo "2164"]
[PlyCount "0"]
[WhiteTeam "TZ Trinec"]
[BlackTeam "Slavoj Cesky Tesin"]
[EventDate "2017.10.22"]

1. e4 d6 2. d4 Nf6 3. Nc3 g6 4. f4 Bg7 5. Nf3 c5 6. dxc5 Qa5 7. Bd3 Qxc5 8. Qe2
O-O 9. Be3 Qa5 10. O-O Nc6 11. Kh1 Bg4 12. Qf2 Bxf3 13. Qxf3 Nd7 14. Bd2 Nc5
15. Rfd1 Nxd3 16. cxd3 Qb6 17. Rab1 e6 18. Be3 Bd4 19. Bxd4 Nxd4 20. Qf2
1/2-1/2

[Event "1. liga - V 17/18, CT-Trinec"]
[Site ""]
[Date "2017.11.26"]
[Round "3.7"]
[White "Mitura, Vaclav"]
[Black "Frolik, Martin"]
[Result "1-0"]
[WhiteElo "2169"]
[BlackElo "2191"]
[PlyCount "0"]
[WhiteTeam "Slavoj Cesky Tesin"]
[BlackTeam "TZ Trinec"]
[EventDate "2017.10.22"]

1. d4 d5 2. Nf3 e6 3. Bf4 c5 4. e3 Nc6 5. c3 Nf6 6. Nbd2 cxd4 7. exd4 Bd6 8.
Bg3 Bxg3 9. hxg3 Qc7 10. Bd3 h6 11. Qe2 Bd7 12. Ne5 Nxe5 13. dxe5 Ne4 14. Bxe4
dxe4 15. Nxe4 Qxe5 16. O-O-O Qc7 17. Nd6+ Kf8 18. Rh4 Kg8 19. Rf4 Be8 20. Qf3
Rb8 21. Nxe8 Rxe8 22. Rfd4 Re7 23. Qd3 g6 24. Rd8+ Kg7 25. Rxh8 Kxh8 26. Qd4+
e5 27. Qxa7 Kg7 28. Qa8 Qc5 29. Qd8 Re6 30. Qd2 Qc4 31. b3 Qc6 32. f3 Qc5 33.
Rh1 g5 34. Re1 Rc6 35. Kb2 Rd6 36. Qe2 f6 37. g4 Qd5 38. Kc2 Ra6 39. Kb2 Rd6
40. Rc1 Qc5 41. Rc2 Qd5 42. a4 Kf7 43. Qb5 Qxb5 44. axb5 Ke6 45. c4 b6 46. Kc3
Rd1 47. Ra2 f5 48. gxf5+ Kxf5 49. Ra6 Rg1 50. Rxb6 Rxg2 51. Rxh6 Rg3 52. b6
Rxf3+ 53. Kb4 Rd3 54. b7 Rd8 55. c5 g4 56. c6 g3 57. c7 1-0

[Event "1. liga - V 17/18, CT-Trinec"]
[Site ""]
[Date "2017.11.26"]
[Round "3.8"]
[White "Sikorova, Olga"]
[Black "Raszka, Janusz"]
[Result "1-0"]
[WhiteElo "2190"]
[BlackElo "2121"]
[PlyCount "0"]
[WhiteTeam "TZ Trinec"]
[BlackTeam "Slavoj Cesky Tesin"]
[EventDate "2017.10.22"]

1. c4 c5 2. Nc3 Nf6 3. g3 d5 4. cxd5 Nxd5 5. Bg2 Nc7 6. Nf3 Nc6 7. O-O e5 8. d3
Be7 9. Be3 f6 10. Na4 b6 11. Rc1 Nd5 12. a3 Qd6 13. Nd2 Be6 14. Ne4 Qd7 15.
Bxc5 bxc5 16. Nexc5 Bxc5 17. Nxc5 Qf7 18. Qa4 Rc8 19. Nxe6 Qxe6 20. Rc5 Nde7
21. Rfc1 Kd7 22. b4 Qd6 23. e3 a6 24. d4 exd4 25. exd4 Rhd8 26. d5 Ke8 27. dxc6
Kf8 28. c7 Rd7 29. Qa5 1-0

[Event "1. liga - V 17/18, RnK-Grygov"]
[Site ""]
[Date "2017.11.26"]
[Round "3.1"]
[White "Sabuk, Piotr"]
[Black "Biolek, Richard"]
[Result "1/2-1/2"]
[WhiteElo "2381"]
[BlackElo "2449"]
[PlyCount "0"]
[WhiteTeam "Panda Rychnov nad Kneznou A"]
[BlackTeam "Agentura 64 Grygov"]
[EventDate "2017.10.22"]

1. d4 Nf6 2. c4 e6 3. g3 c5 4. Nf3 cxd4 5. Nxd4 Bb4+ 6. Nc3 Ne4 7. Qc2 Qa5 8.
Bg2 Nxc3 9. O-O Nc6 10. bxc3 Bxc3 1/2-1/2

[Event "1. liga - V 17/18, RnK-Grygov"]
[Site ""]
[Date "2017.11.26"]
[Round "3.2"]
[White "Obsivac, Josef"]
[Black "Havelka, Josef"]
[Result "0-1"]
[WhiteElo "2338"]
[BlackElo "2323"]
[PlyCount "0"]
[WhiteTeam "Agentura 64 Grygov"]
[BlackTeam "Panda Rychnov nad Kneznou A"]
[EventDate "2017.10.22"]

1. d4 Nf6 2. c4 c6 3. Nc3 d5 4. Nf3 a6 5. e3 b5 6. c5 g6 7. Be2 Bg7 8. h3 O-O
9. O-O Nbd7 10. Bd2 Re8 11. b4 e5 12. a4 Rb8 13. axb5 axb5 14. Qc2 Ne4 15. Nxe4
dxe4 16. Nxe5 Nxe5 17. dxe5 Bxe5 18. Bc3 Qg5 19. Kh1 Qh4 20. f4 exf3 21. Bxf3
Bxh3 22. gxh3 Qxh3+ 23. Kg1 Qg3+ 24. Kh1 Qh4+ 25. Kg1 Qg5+ 26. Kh1 Qh6+ 27. Kg1
Qxe3+ 28. Kh1 Bxc3 29. Ra7 Re5 30. Qh2 Rf8 31. Qh4 Rf5 32. Kg2 Rf4 33. Qe7 Be5
34. Rd7 Rg4+ 0-1

[Event "1. liga - V 17/18, RnK-Grygov"]
[Site ""]
[Date "2017.11.26"]
[Round "3.3"]
[White "Zeberski, Jakub"]
[Black "Biolek, Richard"]
[Result "1-0"]
[WhiteElo "2327"]
[BlackElo "2414"]
[PlyCount "0"]
[WhiteTeam "Panda Rychnov nad Kneznou A"]
[BlackTeam "Agentura 64 Grygov"]
[EventDate "2017.10.22"]

1. e4 c5 2. b3 d6 3. Bb2 e5 4. Bc4 Nf6 5. Nc3 Nc6 6. Nge2 Be7 7. O-O O-O 8. d3
Nd4 9. Nd5 Nxe2+ 10. Qxe2 Nxd5 11. Bxd5 Bf6 12. Rad1 Rb8 13. c3 Be6 14. Bxe6
fxe6 15. d4 cxd4 16. cxd4 exd4 17. Bxd4 Bxd4 18. Rxd4 Qb6 19. Rfd1 Rbd8 20.
R1d2 Qc5 21. g3 Rd7 22. Qg4 Re8 23. h4 g6 24. Kh2 Rf7 25. Kg2 d5 26. exd5 exd5
27. h5 Kg7 28. b4 Qc8 29. Qxc8 Rxc8 30. Rxd5 Rc4 31. a3 gxh5 32. Rxh5 Rc3 33.
a4 Rc4 34. Rb5 b6 35. a5 bxa5 36. bxa5 Ra4 37. f4 h6 38. Kh3 Ra3 39. Kh4 Rc7
40. Rd6 Ra1 41. Rbd5 Kf8 42. Kg4 Ra3 43. Rxh6 Rg7+ 44. Rg5 Rxa5 45. Rxg7 Kxg7
46. Rc6 Ra3 47. f5 a5 48. Ra6 a4 49. Kf4 Ra1 50. Kg5 a3 51. Ra7+ Kf8 52. Kf6
Ke8 53. g4 Rg1 54. g5 1-0

[Event "1. liga - V 17/18, RnK-Grygov"]
[Site ""]
[Date "2017.11.26"]
[Round "3.4"]
[White "Fuksik, Jakub"]
[Black "Kozusek, Daniel"]
[Result "1/2-1/2"]
[WhiteElo "2195"]
[BlackElo "2240"]
[PlyCount "0"]
[WhiteTeam "Agentura 64 Grygov"]
[BlackTeam "Panda Rychnov nad Kneznou A"]
[EventDate "2017.10.22"]

1. e4 e6 2. d4 d5 3. e5 c5 4. c3 Nc6 5. Nf3 Bd7 6. a3 c4 7. g3 Na5 8. Nbd2 Bc6
9. Bh3 Qd7 10. O-O Ba4 11. Qe2 O-O-O 12. Ne1 h5 13. f4 g6 14. Ng2 Bc2 15. Ne1
Bf5 16. Bxf5 gxf5 17. h4 Qa4 18. Rb1 Be7 19. Ndf3 Rf8 20. Ng5 Bxg5 21. fxg5 Ne7
22. Be3 Nb3 23. Ng2 Ng6 24. Rf2 Kc7 25. Bf4 Qc6 26. Ne3 b5 27. Qc2 a5 28. Rd1
Rb8 29. Qe2 Kd7 30. Nc2 Qb6 31. Kh2 Ne7 32. Bd2 Nc6 33. Be1 b4 34. axb4 axb4
35. Rf4 bxc3 36. Bxc3 Ra8 37. Rf2 Ra2 38. Kg2 Ra4 39. Kh2 Ne7 40. Rff1 Ng6 41.
Kh3 Ne7 42. Ne3 Qa7 43. Nc2 Nc6 44. Qf3 Qb6 1/2-1/2

[Event "1. liga - V 17/18, RnK-Grygov"]
[Site ""]
[Date "2017.11.26"]
[Round "3.5"]
[White "Mareckova, Martina"]
[Black "Zatloukal, Petr"]
[Result "1/2-1/2"]
[WhiteElo "2135"]
[BlackElo "2065"]
[PlyCount "0"]
[WhiteTeam "Panda Rychnov nad Kneznou A"]
[BlackTeam "Agentura 64 Grygov"]
[EventDate "2017.10.22"]

1. e4 c6 2. d4 d5 3. Nd2 dxe4 4. Nxe4 Bf5 5. Ng3 Bg6 6. Nf3 Nf6 7. h4 h6 8. Bd3
Bxd3 9. Qxd3 e6 10. Ne4 Nbd7 11. Bd2 Nxe4 12. Qxe4 Nf6 13. Qe2 Bd6 14. O-O-O
Qc7 15. Kb1 O-O-O 16. Rhe1 Bf4 17. Bxf4 Qxf4 18. g3 Qf5 19. Ne5 Nd7 20. Qf3
Qxf3 21. Nxf3 Rhe8 22. c3 c5 1/2-1/2

[Event "1. liga - V 17/18, RnK-Grygov"]
[Site ""]
[Date "2017.11.26"]
[Round "3.6"]
[White "Svancara, Petr"]
[Black "Machlowski, Slawomir"]
[Result "1-0"]
[WhiteElo "2086"]
[BlackElo "2138"]
[PlyCount "0"]
[WhiteTeam "Agentura 64 Grygov"]
[BlackTeam "Panda Rychnov nad Kneznou A"]
[EventDate "2017.10.22"]

1. c4 c5 2. Nc3 g6 3. g3 Bg7 4. Bg2 Nc6 5. e4 e6 6. d3 Nge7 7. Nge2 O-O 8. O-O
d6 9. Rb1 b6 10. a3 Bb7 11. b4 Nd4 12. Nxd4 cxd4 13. Ne2 d5 14. exd5 exd5 15.
Bf4 Qd7 16. c5 Rfe8 17. Qd2 Nf5 18. Bh3 Bc8 19. Rfe1 Qb5 20. Bg2 Be6 21. Rec1
Rec8 22. h3 h5 23. Bh1 Qd7 24. Kh2 Kh7 25. Ng1 f6 26. h4 Nh6 27. Nf3 Nf5 28.
Bg2 Bf8 29. cxb6 axb6 30. Qb2 Bg7 31. Rxc8 Qxc8 32. Rc1 Qa6 33. Nxd4 Nxd4 34.
Qxd4 Qxa3 35. Rc7 Ra7 36. Qxb6 Rxc7 37. Bxc7 Bf5 38. Bxd5 Qxd3 39. Qc6 Qd4 40.
Qc5 Qd2 41. Bf4 Qd3 42. Qc6 Qf1 43. Be3 g5 44. hxg5 fxg5 45. Bg2 Qe1 46. Qc5
Kg6 47. b5 Bf6 48. b6 h4 49. gxh4 Qa1 50. h5+ 1-0

[Event "1. liga - V 17/18, RnK-Grygov"]
[Site ""]
[Date "2017.11.26"]
[Round "3.7"]
[White "Kacirek, Petr"]
[Black "Soban, Jaroslav"]
[Result "1-0"]
[WhiteElo "2270"]
[BlackElo "2078"]
[PlyCount "0"]
[WhiteTeam "Panda Rychnov nad Kneznou A"]
[BlackTeam "Agentura 64 Grygov"]
[EventDate "2017.10.22"]

1. g3 f5 2. Bg2 Nf6 3. d4 g6 4. e3 Bg7 5. b3 O-O 6. Bb2 d6 7. Nd2 Qe8 8. Ne2 c6
9. O-O Na6 10. a4 Bd7 11. Nc4 Nc7 12. a5 Be6 13. Qd3 Bxc4 14. Qxc4+ Kh8 15. Qb4
Rb8 16. c4 d5 17. cxd5 cxd5 18. Rfc1 Na6 19. Qa3 Qd7 20. Nc3 Rfc8 21. Bf1 Nc7
22. Qa4 Qxa4 23. Nxa4 Ne4 24. Rc2 Ne6 25. Rac1 Rxc2 26. Rxc2 Kg8 27. Ba3 Kf7
28. f3 Nf6 29. Bb5 Bh6 30. Kf2 Bf8 31. Ke2 Bh6 32. Bd3 Bg7 33. Nc5 Nxc5 34.
Rxc5 Rd8 35. Rc7 Rd7 36. Rc8 a6 37. b4 Ne8 38. b5 Nc7 39. bxa6 Nxa6 40. Bxa6
bxa6 41. Ra8 Rb7 42. f4 e6 43. Rxa6 Bf6 44. Bc5 Bd8 45. Ra8 Be7 46. a6 Rb2+ 47.
Kd3 Bxc5 48. dxc5 Ra2 49. a7 Ra3+ 50. Ke2 Ke7 51. Rh8 1-0

[Event "1. liga - V 17/18, RnK-Grygov"]
[Site ""]
[Date "2017.11.26"]
[Round "3.8"]
[White "Bares, Jachym"]
[Black "Pavlicek, Miroslav"]
[Result "1-0"]
[WhiteElo "2054"]
[BlackElo "2041"]
[PlyCount "0"]
[WhiteTeam "Agentura 64 Grygov"]
[BlackTeam "Panda Rychnov nad Kneznou A"]
[EventDate "2017.10.22"]

1. e4 d6 2. d4 Nf6 3. Nc3 g6 4. Be3 Bg7 5. Qd2 O-O 6. Bh6 c6 7. Bxg7 Kxg7 8. h4
h5 9. O-O-O b5 10. f3 a5 11. Be2 a4 12. g4 b4 13. Nb1 Qa5 14. gxh5 Nxh5 15. Nh3
b3 16. cxb3 axb3 17. a3 Qxd2+ 18. Kxd2 Rh8 19. Nf2 Ng3 20. Rh2 g5 21. Rg1 Rxh4
22. Rhg2 Nxe2 23. Rxg5+ Kf6 24. Kxe2 Ba6+ 25. Ke3 Nd7 26. Nd2 Nb6 27. Nd3 e6
28. Nb4 Bb5 29. R5g2 c5 30. dxc5 dxc5 31. Nd3 c4 32. Nb4 Na4 33. e5+ Ke7 34.
Ne4 Rh5 35. f4 Rh3+ 36. Kd4 Bc6 37. Nxc6+ 1-0

[Event "1. liga - V 17/18, SM-Gordic"]
[Site ""]
[Date "2017.11.26"]
[Round "3.1"]
[White "Kanovsky, David"]
[Black "Haba, Petr"]
[Result "1/2-1/2"]
[WhiteElo "2405"]
[BlackElo "2444"]
[PlyCount "0"]
[WhiteTeam "SK Stare Mesto"]
[BlackTeam "SK Gordic"]
[EventDate "2017.10.22"]

1. e4 c5 2. Nf3 e6 3. d4 cxd4 4. Nxd4 Nc6 5. Nc3 Qc7 6. g3 a6 7. Bg2 Nf6 8. O-O
Nxd4 9. Qxd4 Bc5 10. Bf4 d6 11. Qd3 Nd7 12. Na4 e5 13. Bd2 Bd4 14. c3 Nc5 15.
Nxc5 Bxc5 16. b4 Ba7 17. c4 Be6 18. Rfc1 O-O 19. Bf1 Bd4 20. Rab1 f5 21. Be3
fxe4 22. Qxe4 Bxe3 23. Qxe3 a5 24. a3 axb4 25. axb4 Ra2 26. f3 Qf7 27. Rd1 Bxc4
28. Rxd6 Bxf1 29. Rxf1 Rb2 30. Qxe5 Rxb4 31. Re6 Qf5 32. f4 1/2-1/2

[Event "1. liga - V 17/18, SM-Gordic"]
[Site ""]
[Date "2017.11.26"]
[Round "3.2"]
[White "Zwardon, Vojtech"]
[Black "Sosna, Jan"]
[Result "1-0"]
[WhiteElo "2410"]
[BlackElo "2331"]
[PlyCount "0"]
[WhiteTeam "SK Gordic"]
[BlackTeam "SK Stare Mesto"]
[EventDate "2017.10.22"]

1. c4 e6 2. Nc3 d5 3. d4 c6 4. e4 dxe4 5. Nxe4 Bb4+ 6. Bd2 Qxd4 7. Bxb4 Qxe4+
8. Be2 Na6 9. Bd6 b6 10. Nf3 Bb7 11. O-O Rd8 12. Ne5 Ne7 13. Bg4 Nf5 14. Re1
Qd4 15. Bxf5 Rxd6 16. Qf3 O-O 17. Rad1 Qc5 18. Nd7 Rxd7 19. Rxd7 Bc8 20. Bxh7+
Kxh7 21. Rxf7 Kg8 22. Rxf8+ Qxf8 23. Qxc6 Nc5 24. Rd1 Bb7 25. Qc7 Qf5 26. Qd8+
Kf7 27. f3 Qe5 28. b4 Bxf3 29. Rf1 Ne4 30. Rxf3+ Nf6 31. Qd2 Qe4 32. c5 bxc5
33. bxc5 Qc4 34. Rc3 Qb4 35. c6 Qb6+ 36. Qe3 1-0

[Event "1. liga - V 17/18, SM-Gordic"]
[Site ""]
[Date "2017.11.26"]
[Round "3.3"]
[White "Husek, Martin"]
[Black "Holtman, Teodor"]
[Result "1-0"]
[WhiteElo "2137"]
[BlackElo "2296"]
[PlyCount "0"]
[WhiteTeam "SK Stare Mesto"]
[BlackTeam "SK Gordic"]
[EventDate "2017.10.22"]

1. e4 c5 2. Nf3 Nc6 3. d4 cxd4 4. Nxd4 Nf6 5. Nc3 e5 6. Ndb5 d6 7. Bg5 a6 8.
Na3 b5 9. Nd5 Be7 10. Bxf6 Bxf6 11. c4 b4 12. Nc2 a5 13. g3 O-O 14. h4 Be7 15.
Bh3 Be6 16. Kf1 Rb8 17. Qd3 Qd7 18. Kg2 Bd8 19. Rad1 Qa7 20. Nde3 Bc7 21. Nd5
Bb6 22. Nxb6 Qxb6 23. b3 Rbd8 24. Qf3 Qc5 25. Rd3 a4 26. Rhd1 Rfe8 27. Qe3 Qxe3
28. fxe3 axb3 29. axb3 Bxh3+ 30. Kxh3 Ra8 31. Rxd6 Na5 32. R1d3 Kf8 33. Nxb4
Reb8 34. Nc6 Nxc6 35. Rxc6 Rb7 36. c5 Rab8 37. Rd5 f6 38. Kg4 Re7 39. Rb6 Rxb6
40. cxb6 Rb7 41. Rd6 Ke7 42. Rc6 Kd7 43. Rc7+ Rxc7 44. bxc7 Kxc7 45. Kf3 Kc6
46. Ke2 Kc5 47. Kd3 Kb4 48. Kc2 h5 49. Kb2 g6 50. Kc2 g5 51. Kb2 f5 52. exf5
gxh4 53. gxh4 Kc5 54. e4 1-0

[Event "1. liga - V 17/18, SM-Gordic"]
[Site ""]
[Date "2017.11.26"]
[Round "3.4"]
[White "Piza, Vlastimil"]
[Black "Bazant, Petr"]
[Result "1-0"]
[WhiteElo "2243"]
[BlackElo "2321"]
[PlyCount "0"]
[WhiteTeam "SK Gordic"]
[BlackTeam "SK Stare Mesto"]
[EventDate "2017.10.22"]

1. Nf3 Nf6 2. c4 e6 3. d4 d5 4. Nc3 Be7 5. Bg5 O-O 6. e3 b6 7. cxd5 exd5 8. Be2
Bb7 9. O-O Nbd7 10. Qa4 a6 11. Rfd1 Ne8 12. Bxe7 Qxe7 13. Qb3 Qd6 14. Rac1 Rd8
15. Bd3 f5 16. e4 c6 17. exf5 Kh8 18. Re1 Qh6 19. Rcd1 c5 20. Bb1 Nef6 21. dxc5
d4 22. c6 Bxc6 23. Nxd4 Ba8 24. Ne6 Nc5 25. Rxd8 Nxb3 26. Rxf8+ Ng8 27. Nd8 1-0

[Event "1. liga - V 17/18, SM-Gordic"]
[Site ""]
[Date "2017.11.26"]
[Round "3.5"]
[White "Dobes, Vojtech"]
[Black "Seidl, Stepan"]
[Result "1-0"]
[WhiteElo "2199"]
[BlackElo "2171"]
[PlyCount "0"]
[WhiteTeam "SK Stare Mesto"]
[BlackTeam "SK Gordic"]
[EventDate "2017.10.22"]

1. e4 c5 2. Nf3 d6 3. d4 cxd4 4. Nxd4 Nf6 5. Nc3 g6 6. Be3 Bg7 7. f3 Nc6 8. Bc4
Bd7 9. Bb3 Rc8 10. Qd2 Ne5 11. O-O-O O-O 12. Kb1 a6 13. g4 b5 14. h4 Nc4 15.
Bxc4 Rxc4 16. h5 b4 17. Nd5 e5 18. Nb3 Nxd5 19. Qxd5 Be6 20. Qxd6 Qc8 21. Nc5
Bf6 22. Nxe6 fxe6 23. hxg6 Rd8 24. gxh7+ Kf7 25. Qxd8 1-0

[Event "1. liga - V 17/18, SM-Gordic"]
[Site ""]
[Date "2017.11.26"]
[Round "3.6"]
[White "Sedlacek, Oldrich"]
[Black "Bazant, Petr"]
[Result "1/2-1/2"]
[WhiteElo "2225"]
[BlackElo "2208"]
[PlyCount "0"]
[WhiteTeam "SK Gordic"]
[BlackTeam "SK Stare Mesto"]
[EventDate "2017.10.22"]

1. Nf3 c5 2. g3 Nc6 3. d4 cxd4 4. Nxd4 g6 5. Bg2 Bg7 6. Nxc6 bxc6 7. O-O Rb8 8.
Nd2 Nf6 9. Nb3 O-O 10. Bd2 Bb7 11. c4 d5 12. Nc5 Ba8 13. Bc3 Nd7 14. Bxg7 Kxg7
15. b3 1/2-1/2

[Event "1. liga - V 17/18, SM-Gordic"]
[Site ""]
[Date "2017.11.26"]
[Round "3.7"]
[White "Horsak, Jan"]
[Black "Zigo, Viktor"]
[Result "1-0"]
[WhiteElo "2121"]
[BlackElo "2264"]
[PlyCount "0"]
[WhiteTeam "SK Stare Mesto"]
[BlackTeam "SK Gordic"]
[EventDate "2017.10.22"]

1. c4 e5 2. g3 Nf6 3. Bg2 g6 4. Nc3 Bg7 5. Nf3 d6 6. d3 O-O 7. Bg5 h6 8. Bxf6
Qxf6 9. Rc1 c6 10. b4 Be6 11. b5 d5 12. bxc6 bxc6 13. Nd2 Qd8 14. Qa4 Nd7 15.
O-O Nb6 16. Qa5 Qd7 17. cxd5 cxd5 18. Nb5 Rfc8 19. Nb3 Bf8 20. Rxc8 Nxc8 21.
Nc7 Rb8 22. Nxd5 Bxd5 23. Qxd5 Qxd5 24. Bxd5 Nb6 25. Bg2 Ba3 26. d4 exd4 27.
Nxd4 Na4 28. Nc6 Rb2 29. e3 Bc5 30. Rc1 Rxa2 31. Bd5 Ra3 32. Rc4 Bd6 33. Nd8
Nb6 34. Bxf7+ Kg7 35. Rc6 Rd3 36. Ba2 Kf8 37. Ne6+ Ke7 38. Nd4 Rd2 39. Bb3 Nd7
40. Bc2 Bc5 41. Bxg6 Bxd4 42. exd4 Rxd4 43. Bf5 Ne5 44. Re6+ 1-0